Statistics for Nba Wavelength

Click here to take the quiz!

General Stats

  • This quiz has been taken 90 times
  • The average score is 4 of 5

Answer Stats

QuestionAnswer% Correct
Micheal Jordan, Celtics, Steph's Shooting10
95%
Kawhi Leonard, 76ers, Giannis' scoring8
89%
Markelle Fultz, Pistons, Chet Holmgrens strength3
83%
7Wemby, Pacers, Lebron's Rebounding
75%
Alperen Sengun, Kings, Lamelo's Defense6
43%

Score Distribution

Percentile by Number Answered

Percent of People with Each Score

Your Score History

You have not taken this quiz